|
|
|
|
| LEADER |
00000cam a2200000 a 4500 |
| 001 |
vtls001063817 |
| 003 |
SK-MaSNL |
| 005 |
20260311131923.0 |
| 008 |
210928s1990 xo 00000 slo |
| 015 |
|
|
|a SNBA1991/03
|
| 020 |
|
|
|a 8022100579
|
| 035 |
|
|
|a SNK000006646
|
| 040 |
|
|
|a SNK
|b slo
|c SNK
|e AACR2
|
| 041 |
0 |
|
|a slo
|
| 044 |
|
|
|a xo
|c SK
|
| 080 |
|
|
|a 301.16/.17:323.2(082)
|2 1981
|
| 080 |
|
|
|a 323.2(082)
|2 1981
|
| 080 |
|
|
|a 323.2
|2 1981
|
| 080 |
|
|
|a 301.16/.17(082)
|2 1981
|
| 245 |
0 |
0 |
|a Lesk a bieda každodennosti
|c Michal Ač, Fedor Gál, Jozef Kučerák, Martin Potůček, Ľubomír Feldek, Martin Bútora, Miloslav Petrusek, Sergej Michalič, Dušan Leščinský
|
| 250 |
|
|
|a 1. vyd.
|
| 260 |
|
|
|a Bratislava
|b Smena
|c 1990
|e Bratislava
|f Danubiaprint
|
| 300 |
|
|
|a 118 s.
|c 20 cm
|
| 366 |
|
|
|e 10000 výt.
|
| 490 |
1 |
|
|a Orientácia
|
| 500 |
|
|
|a Ilustr. na front.
|
| 648 |
|
7 |
|a do 1990
|2 SNKPH
|9 277611
|
| 650 |
0 |
7 |
|a spoločnosť
|2 SNKPH
|9 1013
|
| 651 |
|
7 |
|a Československo
|2 SNKPH
|9 21376
|
| 700 |
1 |
|
|a Ač, Michal,
|d 1954-
|4 aut
|9 189829
|
| 700 |
1 |
|
|a Gál, Fedor,
|d 1945-
|4 aut
|
| 700 |
1 |
|
|a Kučerák, Jozef
|4 aut
|9 277250
|
| 700 |
1 |
|
|a Potůček, Martin,
|d 1948-
|4 aut
|9 238291
|
| 700 |
1 |
|
|a Feldek, Ľubomír,
|d 1936-
|4 aut
|9 89477
|
| 700 |
1 |
|
|a Bútora, Martin,
|d 1944-
|4 aut
|9 91157
|
| 700 |
1 |
|
|a Petrusek, Miloslav,
|d 1936-2012
|4 aut
|9 158318
|
| 700 |
1 |
|
|a Michalič, Sergej
|4 aut
|9 513915
|
| 700 |
1 |
|
|a Leščinský, Dušan
|4 gup
|9 276931
|
| 830 |
|
0 |
|a Orientácia
|9 513916
|
| 919 |
|
|
|a 80-221-0057-9
|
| 958 |
|
|
|a SP
|
| 958 |
|
|
|a TL
|
| 958 |
|
|
|a OND
|
| 999 |
|
|
|c 790549
|d 792479
|
| 952 |
|
|
|t P60, <04>, [BOOK], {604}
|a SNK
|b SNK
|y VYP
|7 0
|p 17A0360330
|o snkSD 62850 D1
|0 0
|1 0
|4 0
|d 2002-10-18
|l 0
|r 2004-12-31 00:00:00
|w 2026-02-24
|